Greek Epithets - Statistics

General Stats
  • This quiz has been taken 5 times
  • The average score is 13 of 45
Answer Stats
Hint Answer % Correct
Son of Peleus, swift-footed, breaking through men, lion-hearted, like to the gods, shepherd to the people Achilles
100%
Breaker of horses, son of Atreus, wide-ruling lord, the lord marshal, powerful, shepherd of the people, lord of men Agamemnon
75%
Phoebus, with unshorn hair, destroyer of mice, distant deadly archer, far-aiming lord, rouser of armies, son of Zeus, of the silver bow, famous with the bow, whom the sleek-haired Leto has born Apollo
75%
The archer-goddess, shooter of arrows Artemis
75%
Pallas, gray-eyed, bright-eyed, daughter of Zeus, third-born of the gods, whose shield is thunder, hope of soldiers, tireless one Athena
75%
Tall, shepherd of the people, of the glinting helmet, man-killing, breaker of horses, horse-tamer, dear to Zeus, glorious Hector
75%
Daughter of a noble house, daughter of Zeus who holds the aegis, long-dressed Helen
75%
Resourceful, man of many resources, of many turns, man of twists and turns, much-enduring, long-suffering, great-hearted, sacker of cities, wise, loved of Zeus, great glory of the Achaeans, master mariner, mastermind of war, hotheaded, honored, man of action, the great teller of tales, man of exploits, man of pain, that kingly man, hero, raider, the great tactician, cunning Odysseus
75%
Alexandros, magnificent, son of Priam Paris
75%
Mighty, son of Kronos, wide-seeing, cloud-gatherer, father of gods and men, of the dazzling bolt, loud-thundering, delighting in thunder, dark-clouded, aegis-holding, of the counsels, wide-browed Zeus
75%
Son of Telamon, swift, gigantic, the mighty Ajax
50%
Laughter-loving, daughter of Zeus, goddess of love, fair Aphrodite
50%
The famous craftsman, the famous lame god, of the strong arms Hephaestus
50%
Ox-eyed lady Hera
50%
Red-haired, fair-haired, flaming-haired, master of the war-cry, son of Atreus, spear-famed, loved by Ares, war-like, cherished by Zeus Menelaus
50%
Son of Menoitius, Zeus-born, sprung from Zeus, dear to Zeus, great-hearted, horseman, peerless, peer to gods in counsel, gentle, hero Patroclus
50%
Earth-shaker, earth-moving, earth-carrying Poseidon
50%
The blind prophet, the Theban Tiresias
50%
Son of Anchises, counselor of the Trojans, lord of the Trojans, great-hearted, great-minded, king of men, great Aeneas
25%
Enchantress, shining among goddesses, bright among goddesses, the dread goddess, who talks with mortals, Aeaean Circe
25%
Crooked-counseling, devious-devising, all-powerful Cronus
25%
Messenger of the gods and conductor of men, slayer of Argos, son of Zeus, giant-killer, the strong one, keen-eyed emissary Hermes
25%
Cautious, careful, circumspect, daughter of Icarius, discreet, temperate, wise, self-obsessed Penelope
25%
The hallowed prince, great Alcinous
0%
Daughter of Eetion, white-armed Andromache
0%
Slayer of men, sacker of cities, bronzen, furious, destroyer of city walls, of the glinting helmet Ares
0%
Lovely-haired Ariadne
0%
Beautiful-cheeked, fair-cheeked, fair-haired Briseis
0%
Beautiful nymph, softly-braided nymph, divine, goddess most divinely made, daughter of Atlas, cunning goddess Calypso
0%
Dreaded Charybdis
0%
Beautiful, fair-cheeked Chryseis
0%
Fair-haired Demeter
0%
Son of Tydeus, great spearman, master of the war cry, god-like, strong, breaker of horses, horse-tamer Diomedes
0%
Rosy-fingered, early-born, of the golden throne Eos
0%
Who brings joy to mortals, the sun god, who sees all things and listens to all things, brilliant Helios
0%
Great-hearted Icarius
0%
Lovely-ankled Ino
0%
Wind-footed Iris
0%
Breaker of horses, horse-tamer, godly, Gerenian charioteer, son of Neleus, Pylos-born king, sweet-spoken, wise old Nestor
0%
Son of Lykaon Pandarus
0%
Leader of the Lycians Sarpedon
0%
Poised, thoughtful, prudent Telemachus
0%
Of the endless speech Thersites
0%
Silver-footed Thetis
0%
Driver of horses Tydeus
0%
No matching quizzes found
Score Distribution
Percent of People with Each Score
Percentile by Number Answered
Your Score History
You have not taken this quiz